| 000 | 00443cam a22001217a 4500 | ||
|---|---|---|---|
| 008 | 180718b1974 xxu||||| |||| 00| 0 eng d | ||
| 082 | _aB73x5461 C333 | ||
| 245 |
_aUrban tension in India _cby Centre for the Study of Developing Societies |
||
| 260 |
_aDelhi _bCentre for the Study of Developing Societies _c1974 |
||
| 300 | _a244p | ||
| 650 | _aMunicipal government - India - Delhi. | ||
| 700 | _aIndia.Centre for the Study of Developing Societies | ||
| 999 |
_c415391 _d415391 |
||